000
00191nam a22000857a 4500
040
_c
SCME
100
_a
William N,Brown
_9
91459
245
_a
Of the wall how we fell for china
942
_2
ddc
_c
BK
999
_c
589587
_d
589587